| 000 | 00786nam a2200253 a 4500 | ||
|---|---|---|---|
| 008 | |||
| 020 | _a087434803X (pbk.) | ||
| 049 | _aMAIN | ||
| 090 | _aRM125 PHA | ||
| 245 | 0 | 0 |
_aPharmFacts for nurses/ _cSpringhouse Corporation. |
| 246 | 1 | 3 | _aNDH PharmFacts for nurses. |
| 260 |
_aSpringhouse, Pa. : _bSpringhouse Corporation, _c1996. |
||
| 300 |
_aviii, 728 p. : _bill. ; _c21 cm. |
||
| 500 | _aIncludes index. | ||
| 650 | 0 |
_aChemotherapy _xHandbooks, manuals, etc. |
|
| 650 | 0 |
_aNursing _xHandbooks, manuals, etc. |
|
| 650 | 0 |
_aDrugs _xHandbooks, manuals, etc. |
|
| 710 | 2 | _aSpringhouse Corporation. | |
| 907 |
_a.b1012066x _b04-02-14 _c05-05-04 |
||
| 003 | |||
| 005 | 20230120203938.0 | ||
| 040 | _cNUST | ||
| 942 |
_cBOOKS _kRM125 PHA |
||
| 999 |
_c114354 _d114354 |
||